[Event "Havana Province Oeste zt"]
[Site "Havana"]
[Date "2009.10.09"]
[Round "5"]
[White "Gonzalez Munoz, Ariel"]
[Black "Perez Rodriguez, Ariel"]
[Result "1-0"]
[WhiteElo "2037"]
[BlackElo "2060"]
[PlyCount "115"]
[EventDate "2009.10.03"]
[EventType "swiss"]
[EventRounds "9"]
[EventCountry "CUB"]
[SourceTitle "EXT 2012"]
[Source "ChessBase"]
[SourceDate "2011.11.24"]
[SourceVersion "1"]
[SourceVersionDate "2011.11.24"]
[SourceQuality "1"]

1. e4 c5 2. Nf3 Nc6 3. d4 cxd4 4. Nxd4 Nf6 5. Nc3 d6 6. Be2 e5 7. Nb3 Be7 8. Bg5 0-0 9. Bxf6 Bxf6 10. Nd5 Bg5 11. h4 Bxh4 12. Bg4 f5 13. Bxf5 Bxf5 14. exf5 Rxf5 15. g3 Bg5 16. Qg4 g6 17. f4 exf4 18. 0-0-0 f3+ 19. Kb1 Ne5 20. Qh3 Rf7 21. Nd4 Qd7 22. Ne6 Bf6 23. Qxh7+ Rxh7 24. Nxf6+ Kh8 25. Nxd7 Nxd7 26. Rxh7+ Kxh7 27. Ng5+ Kh6 28. Nxf3 Ne5 29. Rh1+ Kg7 30. Nd4 Rh8 31. Rxh8 Kxh8 32. Nb5 Nc4 33. Nxa7 Kg7 34. c3 Kf6 35. Nb5 Kg5 36. b3 Nd2+ 37. Kc2 Ne4 38. Kd3 d5 39. c4 Nf6 40. cxd5 Nxd5 41. Kd4 Nb4 42. a3 Nc6+ 43. Ke3 Kg4 44. Kf2 Na5 45. Nd4 b6 46. a4 Nb7 47. b4 Kg5 48. Kf3 Nd6 49. a5 bxa5 50. bxa5 Nc4 51. a6 Nb6 52. a7 Na8 53. Nb5 Kf5 54. g4+ Ke5 55. Ke3 g5 56. Nc3 Nb6 57. Ne4 Nd5+ 58. Kf3 1-0